| 000 | 00738nam a2200205 i 4500 | ||
|---|---|---|---|
| 001 | 80501 | ||
| 003 | ES-MaACL | ||
| 005 | 20240823133039.0 | ||
| 007 | t| | ||
| 008 | 041028s1968 sp ||||1| spa d | ||
| 245 | 0 | 0 |
_aHomenaje a Bertrand Russell / _crecopilación de ensayos por Ralph Schoenman ; [traducción castellana, noticia biográfica y bibliografía de B. Russel por C. Ulises Moulines Castellvi]. |
| 250 | _a[1ª ed.]. | ||
| 260 |
_aBarcelona : _bOikos-Tau, _c[1968] |
||
| 300 |
_a466 p. ; _c21 cm. |
||
| 700 | 1 |
_aRussell, Bertrand, _d1872-1970 _9101033 |
|
| 700 | 1 |
_aSchoenman, Ralph. _9104618 |
|
| 700 | 1 |
_aMoulines, C. Ulises. _983863 |
|
| 852 |
_aES-MaACL _jC-35026 _bR.68036 |
||
| 999 |
_c80501 _d80501 |
||